[Event "11. Online Aktivschach WM"]
[Site "Schachcomputer.info"]
[Date "2015.01.23"]
[Round "4.7"]
[White "London 68000, Mephisto"]
[Black "R30 V2.2, Tasc"]
[Result "0-1"]
[WhiteElo "2166"]
[BlackElo "2369"]
[PlyCount "102"]

1. e4 c6 2. d4 d5 3. Nc3 dxe4 4. Nxe4 Bf5 5. Ng3 Bg6 6. h4 h6 7. Nf3 Nd7 8. h5
Bh7 9. Bd3 Bxd3 10. Qxd3 Qc7 11. Bd2 Ngf6 {Buchende London} 12. O-O-O e6 13.
Ne4 O-O-O 14. Rde1 c5 15. Nxf6 {Buchende Tasc} Nxf6 16. Qa3 cxd4 17. Qxa7 Bc5
18. Qa8+ Kd7 19. Qa4+ Ke7 20. Ne5 Rd5 21. f4 Bd6 22. Bb4 Rc8 23. g4 d3 24. Rh2
Rd4 25. a3 dxc2 26. Rxc2 Qxc2+ 27. Qxc2 Rxc2+ 28. Kxc2 Bxb4 29. axb4 Rxf4 30.
Kc3 Nxg4 31. Nd3 Rf3 32. Kd4 Kd6 33. Nc5 b6 34. Ne4+ Kc6 35. Rc1+ Kb5 36. Nd6+
Kxb4 37. Rc4+ Kb3 38. Rc7 Rf4+ 39. Kd3 Kxb2 40. Rb7 Kc1 41. Rxb6 e5 42. Ne8 e4+
43. Ke2 Rf2+ 44. Ke1 e3 45. Rc6+ Kb1 46. Rb6+ Ka2 47. Ra6+ Kb3 48. Rb6+ Kc4 49.
Rc6+ Kd4 50. Rd6+ Ke4 51. Ra6 Nh2 0-1

[Event "11. Online Aktivschach WM"]
[Site "Schachcomputer.info"]
[Date "2015.01.17"]
[Round "4.8"]
[White "Atlanta, Mephisto"]
[Black "Revelation Deep Sjeng 1.8"]
[Result "0-1"]
[WhiteElo "2266"]
[BlackElo "2321"]
[PlyCount "69"]

1. e4 e5 2. Bc4 Nf6 3. d3 Nc6 {Buchende Atlanta} 4. Nf3 Bc5 5. Nc3 d6 6. Bg5 h6
7. Bxf6 Qxf6 8. Nd5 Qd8 9. c3 Ne7 10. b4 {Buchende Deep Sjeng} Nxd5 11. bxc5
Nf4 12. cxd6 Nxg2+ 13. Kf1 Nf4 14. Nxe5 O-O 15. Nxf7 Rxf7 16. dxc7 Bh3+ 17. Ke1
Qxc7 18. Bxf7+ Qxf7 19. Rg1 Rf8 20. f3 Ng2+ 21. Kf2 Qg6 22. Rb1 Qg5 23. Rxb7
Qh4+ 24. Ke2 Rxf3 25. Qb3+ Kh7 26. Kd1 Qg5 27. Rxa7 Qe3 28. Rxg7+ Kxg7 29. Qb7+
Rf7 30. Rxg2+ Bxg2 31. Qd5 Qg1+ 32. Kc2 Qf2+ 33. Kc1 Qe2 34. Qe5+ Kh7 35. Qf5+
0-1

[Event "11. Online Aktivschach WM"]
[Site "Schachcomputer.info"]
[Date "2015.01.23"]
[Round "4.9"]
[White "Genius 68030, Mephisto"]
[Black "Milano Pro, Mephisto"]
[Result "1-0"]
[WhiteElo "2340"]
[BlackElo "2160"]
[PlyCount "93"]

1. d4 d5 2. c4 e6 3. Nc3 c5 4. cxd5 exd5 5. Nf3 Nc6 6. Bg5 Be7 7. Bxe7 Ngxe7 8.
e3 cxd4 9. Nxd4 O-O 10. Nxc6 bxc6 11. Be2 Rb8 12. b3 Qa5 13. Rc1 Ba6 14. O-O
Bxe2 15. Qxe2 c5 16. Rfd1 Rfd8 17. Qh5 a6 18. Qg5 f6 19. Qg4 Rd6 20. Rc2 Rbd8
21. h3 f5 22. Qf4 R6d7 23. Qe5 Kf8 24. Rdc1 Rc8 25. Qe6 Rdd8 26. Ne2 Rc6 27.
Qe5 Rdd6 28. Nf4 Qb5 29. Rd2 c4 30. bxc4 dxc4 31. Qxd6 Rxd6 32. Rxd6 Kf7 33.
Rd2 Qa5 34. Rdc2 g5 35. Ne2 h5 36. Rxc4 Qxa2 37. Nd4 a5 38. R4c2 Qa3 39. Rc7
Kg6 40. Rb1 f4 41. Rb6+ Kf7 42. Nf5 fxe3 43. Rxe7+ Qxe7 44. Nxe7 e2 45. Rb1
Kxe7 46. Re1 Kd6 47. Rxe2 1-0

[Event "11. Online Aktivschach WM"]
[Site "Schachcomputer.info"]
[Date "2015.01.23"]
[Round "4.10"]
[White "Magellan, Mephisto"]
[Black "Atlanta 36 MHz, Mephisto"]
[Result "1-0"]
[WhiteElo "2236"]
[BlackElo "2310"]
[PlyCount "129"]

1. d4 Nf6 2. Nf3 e6 3. c4 b6 4. Nc3 Bb4 5. Qb3 c5 6. a3 Ba5 7. Bg5 Bb7 8. e3
Bxf3 9. gxf3 h6 10. Bxf6 Qxf6 11. dxc5 bxc5 12. Bg2 Nc6 13. Qc2 Rb8 14. Rc1 Qf5
15. Qxf5 exf5 16. O-O Rxb2 17. Na4 Ra2 18. Nxc5 Rxa3 19. Rfd1 Nb8 20. Rd5 f4
21. Rb1 Bc7 22. exf4 Bxf4 23. Re1+ Kd8 24. Rf5 Bd6 25. Nb7+ Kc7 26. Nxd6 Kxd6
27. Rxf7 Rg8 28. Rd1+ Kc5 29. Rf5+ Kb4 30. Rb5+ Kc3 31. Bf1 Kc2 32. Re1 Rf8 33.
Re2+ Kc1 34. Rbb2 Rc3 35. Ra2 Kb1 36. Rxa7 Rfxf3 37. Re5 Rb3 38. Rb5 Kc2 39.
Rab7 Rxb5 40. cxb5 Rf8 41. Rc7+ Kb3 42. b6 Rf6 43. b7 Rb6 44. Bh3 g5 45. Bg2
Ka4 46. Be4 d5 47. Bxd5 Ka5 48. Rc8 Na6 49. Ra8 Rb4 50. Bf3 Kb6 51. b8=Q+ Nxb8
52. Rxb8+ Kc5 53. Rc8+ Kb5 54. Rh8 Rh4 55. Kg2 Kc5 56. Kg3 Rf4 57. Rxh6 Kd4 58.
Rh8 Rf5 59. Rd8+ Kc3 60. Bg4 Rb5 61. f4 gxf4+ 62. Kxf4 Rb4+ 63. Kf3 Rd4 64.
Rxd4 Kxd4 65. Kf4 1-0

[Event "11. Online Aktivschach WM"]
[Site "Schachcomputer.info"]
[Date "2015.01.17"]
[Round "4.11"]
[White "Centurion 40 MHz, Saitek"]
[Black "Revelation Diablo"]
[Result "1/2-1/2"]
[WhiteElo "2200"]
[BlackElo "2059"]
[PlyCount "165"]

1. e4 e5 2. Nc3 Nc6 3. Bc4 Nf6 4. d3 Bb4 5. Nf3 d6 6. O-O {Buchende schwarz}
Bxc3 7. bxc3 O-O {Buchende weiss} 8. Bg5 h6 9. Bh4 Bg4 10. a3 Qe7 11. Rb1 Na5
12. Ba2 Rab8 13. Qe2 Rbd8 14. Rb2 Rd7 15. Rfb1 Bh5 16. c4 b6 17. Bg3 Nc6 18. c3
Kh8 19. Bb3 Na5 20. Ba4 c6 21. Qe3 Rfd8 22. Bh4 Bg6 23. h3 Kg8 24. Nh2 Qe6 25.
f4 exf4 26. Qd4 Re8 27. Bxf6 Qxf6 28. Qxf6 gxf6 29. Nf3 f5 30. Nd4 fxe4 31.
Nxc6 Nxc6 32. Bxc6 Rde7 33. Bxe8 Rxe8 34. dxe4 Rxe4 35. Rb4 Re3 36. R1b2 f3 37.
gxf3 Rxf3 38. Ra4 Rxh3 39. Rxa7 Rxc3 40. Rxb6 Rxc4 41. Rxd6 Rc2 42. Rdd7 Ra2
43. Kf1 Kg7 44. Ke1 Kf6 45. Rd6+ Ke5 46. Rd2 Ra1+ 47. Ke2 f5 48. Ra5+ Ke4 49.
Rd6 Bh5+ 50. Kf2 Ra2+ 51. Kf1 Ra1+ 52. Kg2 Bf3+ 53. Kf2 Ra2+ 54. Kg3 f4+ 55.
Kh3 h5 56. Kh4 Bg4 57. Ra4+ Ke3 58. Rf6 f3 59. Ra8 Rh2+ 60. Kg5 Ra2 61. a4 f2
62. Re8+ Kd3 63. Ref8 Ke3 64. Rf4 Bd1 65. R4f7 Bg4 66. Re7+ Kd4 67. Kh4 Kd5 68.
Ref7 Rxa4 69. Rxf2 Bd1+ 70. Kg5 Bg4 71. Rd8+ Ke6 72. Rf6+ Ke5 73. Rf1 Ke6 74.
Re1+ Kf7 75. Re5 Ra7 76. Rde8 Bd1 77. Rh8 Kg7 78. Rd8 Bg4 79. Rde8 Kf7 80. Rh8
Kg7 81. Rb8 Rc7 82. Rbe8 Kf7 83. Rh8 1/2-1/2

[Event "11. Online Aktivschach WM"]
[Site "Schachcomputer.info"]
[Date "2015.01.26"]
[Round "4.12"]
[White "London 68030, Mephisto"]
[Black "Citrine 30 MHz, Novag"]
[Result "1/2-1/2"]
[WhiteElo "2343"]
[BlackElo "2100"]
[PlyCount "145"]

1. d4 Nf6 2. f3 e6 3. e4 d6 4. Ne2 Be7 5. Nbc3 O-O 6. Be3 Bd7 7. Ng3 Nc6 8. Be2
a6 9. O-O Rb8 10. Qd2 Kh8 11. Rad1 Ra8 12. a3 Rg8 13. Bc4 Rf8 14. Ba2 h6 15.
Rf2 (15. Bxh6 gxh6 16. Qxh6+ Nh7) 15... Qe8 16. Nce2 Bd8 17. Bb3 Rg8 18. Nf4
Be7 19. Rff1 (19. d5 exd5 20. Nxd5 Nxd5 21. exd5 Ne5 22. Bxh6 gxh6) 19... Kh7
20. d5 Nd8 21. dxe6 fxe6 22. e5 dxe5 23. Qd3+ g6 24. Nfe2 Rf8 25. Ne4 Bb5 26.
Nxf6+ Rxf6 27. c4 Bc6 28. Ng3 Nf7 29. Ne4 Rf5 30. Qc2 Nd6 31. Ng3 Rf6 32. Qc3
e4 33. fxe4 Rxf1+ 34. Rxf1 Bh4 35. e5 (35. c5 Nf7 (35... Nxe4 36. Nxe4 Bxe4 37.
Rf4) 36. e5) 35... Bxg3 36. exd6 Bxd6 37. Qf6 Qd7 38. Bc2 Rg8 39. Bd4 (39. c5
Be7 40. Qe5 Rg7 41. Bd4) 39... e5 40. Bxe5 Bxe5 41. Qxe5 Rg7 42. Rf8 Qg4 43. g3
Qh3 44. Rf2 Rd7 45. b4 Rg7 46. b5 axb5 47. cxb5 Bd7 48. Be4 (48. Rf6 Qg4) 48...
b6 49. Qxc7 Qe6 50. Rf4 Bxb5 51. Qc2 Rd7 52. a4 Ba6 53. Kg2 Qd6 54. Qb3 Rg7 55.
Rf7 Qd2+ 56. Rf2 Qd4 57. Qc2 Bb7 58. Bxb7 Rxb7 59. Qc6 Re7 60. Rf6 Re2+ 61. Kh3
h5 62. Qc7+ Kh6 63. Qf4+ Qxf4 64. gxf4 Re3+ 65. Kg2 Re2+ 66. Kg3 Re3+ 67. Kf2
Rb3 68. Rc6 Kg7 69. h4 Kf7 70. Rd6 Kg7 71. Rc6 Rb4 72. Kf3 Rxa4 73. Rxb6
1/2-1/2

[Event "11. Online Aktivschach WM"]
[Site "Schachcomputer.info"]
[Date "2015.02.11"]
[Round "5.1"]
[White "R30 V2.23, Tasc"]
[Black "Resurrection Ruffian"]
[Result "0-1"]
[WhiteElo "2369"]
[BlackElo "2377"]
[PlyCount "122"]

1. e4 e5 2. f4 exf4 3. Nf3 g5 4. Bc4 g4 5. O-O gxf3 6. Qxf3 Qf6 7. e5 Qxe5 8.
d3 Bc5+ 9. Kh1 Bd6 10. Bxf7+ Kd8 11. Bxf4 Qxf4 12. Qxf4 Bxf4 13. Rxf4 Nh6 14.
Bh5 d6 15. Nc3 Bf5 16. Re1 Nc6 17. Nd5 Bg6 18. Bxg6 hxg6 19. Re6 Rg8 20. Rff6
Nd4 21. Re7 Ng4 22. Rff7 Ne5 23. Rh7 Rf8 24. h3 Nf5 25. Rxe5 dxe5 26. Nxc7 Ne7
27. Nxa8 Re8 28. Rh4 Kd7 29. Rb4 Rb8 30. a4 b6 31. a5 Rxa8 32. axb6 axb6 33.
Rxb6 Ra1+ 34. Kh2 Rd1 35. Rb7+ Kd6 36. b4 Rd2 37. c4 Rxd3 38. c5+ Ke6 39. b5 e4
40. Rb6+ Kf7 41. Rb7 Rd5 42. Kg3 Rf5 43. Ra7 e3 44. Ra2 Rxc5 45. b6 Rb5 46. Ra6
Rb2 47. Kf3 Nd5 48. Ra7+ Kf6 49. b7 e2 50. Ra6+ Kg5 51. b8=Q e1=N+ 52. Ke4 Nc3+
53. Kd4 Ne2+ 54. Ke3 Nxg2+ 55. Kf2 Rxb8 56. Ra5+ Kh4 57. Kxe2 Kxh3 58. Kf2 Rf8+
59. Ke2 Kg4 60. Ra1 Rf3 61. Rg1 Kg3 0-1

[Event "11. Online Aktivschach WM"]
[Site "Schachcomputer.info"]
[Date "2015.02.08"]
[Round "5.2"]
[White "R30 V2.2, Tasc"]
[Black "Revelation II Vancouver"]
[Result "1/2-1/2"]
[WhiteElo "2369"]
[BlackElo "2332"]
[PlyCount "97"]

1. d4 d5 2. c4 dxc4 3. Nf3 Nf6 4. e3 e6 5. Bxc4 c5 6. O-O a6 7. dxc5 Qxd1 8.
Rxd1 Bxc5 9. a3 O-O 10. b4 Be7 11. Bb2 b5 12. Bb3 Bb7 13. Ne5 Nc6 14. Nd7 Rfd8
15. Nxf6+ Bxf6 16. Bxf6 gxf6 17. Nc3 Ne5 18. Ne2 Rac8 19. Nf4 Rxd1+ 20. Rxd1
Rc3 21. Rd8+ Kg7 22. Bd1 Rxa3 23. Nh5+ Kh6 24. Nxf6 Ra1 25. f4 Nc4 26. g4 Nxe3
27. Rg8 Rxd1+ 28. Kf2 Nxg4+ 29. Nxg4+ Kh5 30. Nf6+ Kh4 31. Rh8 Rd2+ 32. Ke3
Rxh2 33. Rxh7+ Kg3 34. Rxf7 Bc6 35. Rg7+ Kh3 36. Re7 Rh1 37. Kd2 Rf1 38. Rxe6
Bb7 39. Nh5 Kh4 40. Rh6 Kg4 41. Rh7 Bf3 42. f5 Kxf5 43. Ng3+ Kg6 44. Ra7 Rb1
45. Rxa6+ Kg5 46. Kc3 Rg1 47. Rb6 Rxg3 48. Rxb5+ Kf6 49. Kd4 1/2-1/2

[Event "11. Online Aktivschach WM"]
[Site "Schachcomputer.info"]
[Date "2015.02.06"]
[Round "5.3"]
[White "Star Diamond, Novag"]
[Black "Risc 1MB, Mephisto"]
[Result "1-0"]
[WhiteElo "2180"]
[BlackElo "2259"]
[PlyCount "126"]

1. e4 e5 2. Nf3 Nf6 3. Nxe5 d6 4. Nf3 Nxe4 5. Qe2 Qe7 6. d3 Nf6 7. Bg5 Qxe2+ 8.
Bxe2 Be7 9. Nc3 c6 10. O-O-O Na6 11. Rhe1 Nc7 12. Ne4 Ncd5 13. Nxf6+ Nxf6 14.
Nd4 h6 15. Bd2 O-O 16. Bf3 Re8 17. Re2 Ng4 18. Rde1 Ne5 19. Bh5 g6 20. f4 gxh5
21. fxe5 Bg4 22. exd6 Bxe2 23. dxe7 Bg4 24. h3 Bd7 25. Bxh6 c5 26. Nb3 b6 27.
Nd2 Bc6 28. Nc4 Kh7 29. Bf4 Bxg2 30. Nd6 Bxh3 31. Nxe8 Rxe8 32. Re3 Be6 33. Bg5
Kg6 34. Bh4 Bg4 35. Kd2 f6 36. Bg3 Kg5 37. Bd6 h4 38. Ke1 f5 39. Kf2 a5 40. Bc7
f4 41. Re5+ Kf6 42. Re4 Bf5 43. Rxf4 Kg6 44. Bd8 Kg5 45. Kf3 b5 46. Bxa5 Be6
47. Rf8 Bd5+ 48. Kf2 Bc6 49. Bc7 c4 50. d4 Kh5 51. Bd6 Kg4 52. d5 Bd7 53. Bc5
h3 54. Bd6 Kh4 55. Be5 Kh5 56. d6 Kg5 57. Kg3 Kg6 58. a3 Kh6 59. Rxe8 Bxe8 60.
Kxh3 Kg5 61. Kg3 Kf5 62. Bf4 Bc6 63. Bd2 Ke6 1-0

[Event "11. Online Aktivschach WM"]
[Site "Schachcomputer.info"]
[Date "2015.02.07"]
[Round "5.4"]
[White "Elite V11, Fidelity"]
[Black "CM 14 MHz King 2.54, Tasc"]
[Result "1-0"]
[WhiteElo "2331"]
[BlackElo "2340"]
[PlyCount "125"]

1. d4 d5 2. Nf3 e6 3. c4 Nf6 4. Nc3 Be7 5. Bf4 O-O 6. e3 c5 7. dxc5 {Buchende}
Nc6 {Buchende} 8. Bg5 Bxc5 9. cxd5 exd5 10. Bxf6 Qxf6 11. Qxd5 Bb4 12. Qb3 Be6
13. Qc2 Bf5 14. Qc1 Rac8 15. a3 Ba5 16. Nd2 Ne5 17. e4 Be6 18. Be2 Bg4 19. f3
Be6 20. O-O Ng6 21. Qe1 Qd4+ 22. Kh1 Rfd8 23. Rd1 Qe3 24. Ndb1 Bb3 25. Rd2 Bc7
26. Bb5 Qg5 27. Bd7 Bf4 28. Bxc8 Bxd2 29. Nxd2 Rxd2 30. Qg3 Qe7 31. Rb1 b6 32.
Bf5 Qd8 33. Bxg6 hxg6 34. Qf4 Ba2 35. Rg1 g5 36. Qe3 Rxb2 37. Rd1 Qe7 38. Qc1
Qxa3 39. Qxg5 Qc5 40. Rd8+ Kh7 41. e5 Qc6 42. Rd6 Qe8 43. Qh4+ Kg8 44. Rd8 Qxd8
45. Qxd8+ Kh7 46. Qe7 Be6 47. Qxa7 Rb3 48. Qa1 b5 49. Ne4 Bf5 50. Qe1 b4 51.
Qh4+ Kg8 52. Qd8+ Kh7 53. Ng5+ Kg6 54. h4 Be6 55. Qh8 Kf5 56. Qxg7 Rb1+ 57. Kh2
Kf4 58. Nxe6+ Ke3 59. Qg5+ Ke2 60. Nd4+ Kd3 61. Qf5+ Kxd4 62. Qe4+ Kc3 63. Qxb1
1-0

[Event "11. Online Aktivschach WM"]
[Site "Schachcomputer.info"]
[Date "2015.02.05"]
[Round "5.5"]
[White "Risc 2500, Saitek"]
[Black "Revelation II Lyon"]
[Result "1/2-1/2"]
[WhiteElo "2241"]
[BlackElo "2295"]
[PlyCount "132"]

1. e4 c6 2. d4 d5 3. Nc3 dxe4 4. Nxe4 Bf5 5. Nc5 Qc7 6. Bd3 Bxd3 7. Nxd3 Nd7 8.
Nf3 e6 9. O-O Ngf6 {*} 10. c4 Be7 11. Re1 O-O 12. Bf4 Qa5 13. Qb3 Qb6 14. Qc3
Rfd8 15. Rad1 Nf8 16. a4 a5 17. Bg5 Ng6 18. Qc2 Nd7 19. c5 Qc7 20. Bxe7 Nxe7
21. Nde5 Nxe5 22. dxe5 Rd5 23. Qc3 Ng6 24. Rd2 Rad8 25. Re4 Rxd2 26. Nxd2 Rd5
27. Nf3 Rd1+ 28. Re1 Qd8 29. b3 Rd3 30. Qc2 Nf4 31. Kf1 Qd5 32. Qc4 Qxc4 33.
bxc4 Rd7 34. Re3 Nd3 35. Ke2 Nxc5 36. Ra3 h5 37. Nd2 Kh7 38. Ke3 f6 39. exf6
gxf6 40. Ne4 Nxe4 41. Kxe4 Rd2 42. Rf3 Kg6 43. Rg3+ Kf7 44. Rb3 Rxf2 45. Rxb7+
Kf8 46. Rh7 Rxg2 47. Rxh5 Ke7 48. Rxa5 Rxh2 49. c5 f5+ 50. Kd3 e5 51. Ra6 Kd7
52. a5 Ra2 53. Ra8 Ke6 54. Kc4 f4 55. a6 Kf5 56. a7 Ke4 57. Kb3 Ra6 58. Rc8
Rxa7 59. Rxc6 f3 60. Rf6 Ke3 61. Kc4 f2 62. Kd5 Ra1 63. Kxe5 Rc1 64. Kd6 Rd1+
65. Ke6 f1=Q 66. Rxf1 Rxf1 1/2-1/2

[Event "11. Online Aktivschach WM"]
[Site "Schachcomputer.info"]
[Date "2015.02.05"]
[Round "5.6"]
[White "CM 32 MHz Rebell 1.7, Tasc"]
[Black "Genius 68030, Mephisto"]
[Result "1-0"]
[WhiteElo "2200"]
[BlackElo "2340"]
[PlyCount "95"]

1. Nf3 Nf6 2. c4 e6 3. g3 d5 4. Bg2 Be7 5. O-O O-O 6. Qc2 Nc6 7. d4 Nb4 8. Qb3
c5 9. dxc5 Bxc5 10. Nc3 dxc4 11. Qxc4 b6 12. Rd1 Qc7 13. Qh4 Bb7 14. Bg5 Nfd5
15. Nxd5 Bxd5 16. a3 Nc6 17. Rac1 f6 18. Bf4 Qc8 19. b4 Be7 20. Nd4 Nxd4 21.
Rxd4 Qa6 22. e4 g5 23. Qh3 Bb3 24. Rd7 Rf7 25. Rcc7 e5 26. Rxe7 exf4 27. Rxf7
Bxf7 28. Rxf7 Kxf7 29. Qxh7+ Kf8 30. Qh8+ Ke7 31. Qg7+ Ke8 32. Qg8+ Ke7 33.
Qxa8 fxg3 34. hxg3 Qxa3 35. Bh3 Qxb4 36. Qxa7+ Kf8 37. Qb8+ Kg7 38. Bf5 Qd4 39.
Qc7+ Kf8 40. Be6 Ke8 41. Bf7+ Kf8 42. Bd5 Qd1+ 43. Kg2 Ke8 44. Qf7+ Kd8 45.
Qxf6+ Kc8 46. Qc6+ Kd8 47. Qd6+ Ke8 48. Bc6+ 1-0

[Event "11. Online Aktivschach WM"]
[Site "Schachcomputer.info"]
[Date "2015.02.01"]
[Round "5.7"]
[White "Revelation Deep Sjeng 1.8"]
[Black "Magellan, Mephisto"]
[Result "1-0"]
[WhiteElo "2321"]
[BlackElo "2236"]
[PlyCount "137"]

1. d4 c5 2. d5 e6 3. c4 exd5 4. cxd5 Nf6 5. Nf3 d6 6. Nc3 g6 7. e4 Bg7 8. Be2
O-O 9. O-O Re8 10. Nd2 Nbd7 11. a4 a6 12. Qc2 Qe7 13. a5 Nf8 14. f3 N8d7 15.
Nc4 Ne5 16. Nb6 Rb8 17. Bg5 h6 18. Be3 Ned7 19. Nc4 b5 20. axb6 Nxb6 21. Na5
Nbxd5 22. Nc6 Qe6 23. Bxh6 Nb4 24. Nxb4 cxb4 25. Bxg7 Kxg7 26. Na4 Qe5 27. Qd2
Rh8 28. g3 Bb7 29. Bc4 a5 30. Rad1 Rbd8 31. Nb6 Rh5 32. Rfe1 Rdh8 33. Re2 Qc5+
34. Qd4 Qxd4+ 35. Rxd4 Ne8 36. Nd5 Re5 37. h4 g5 38. Ne3 gxh4 39. Nf5+ Rxf5 40.
exf5 hxg3 41. Re7 Bxf3 42. Rxf7+ Kg8 43. Rf6+ Kg7 44. Rg6+ Kf8 45. Rxg3 Rh1+
46. Kf2 Bc6 47. Ke3 Rb1 48. Rd2 Re1+ 49. Be2 a4 50. Kf4 Rh1 51. Rc2 Bb7 52. Bc4
d5 53. Be2 Rh4+ 54. Kg5 Rh2 55. Bd3 Rh8 56. Kf4 Rh4+ 57. Ke5 Kf7 58. Rc5 b3 59.
Rb5 Bc6 60. Rb6 Ba8 61. Ra6 Bb7 62. Ra7 Rb4 63. f6 Nxf6 64. Rf3 Ke7 65. Rxf6
Ke8 66. Rd6 Ke7 67. Bf5 d4 68. Rd7+ Ke8 69. Rdxb7 1-0

[Event "11. Online Aktivschach WM"]
[Site "Schachcomputer.info"]
[Date "2015.02.09"]
[Round "5.8"]
[White "R30 Gideon, Tasc"]
[Black "Atlanta, Mephisto"]
[Result "1-0"]
[WhiteElo "2313"]
[BlackElo "2266"]
[PlyCount "88"]

1. e4 c5 2. Nf3 d6 3. d4 cxd4 4. Nxd4 Nf6 5. Nc3 g6 6. Be2 Bg7 7. Be3 O-O 8.
Nb3 Nc6 9. O-O Be6 10. f4 {Buchende Atlanta} Re8 {Buchende Gideon} 11. f5 Bxb3
12. axb3 e6 13. fxg6 fxg6 14. Qd2 d5 15. Rad1 dxe4 16. Qc1 Qa5 17. Bg5 Rf8 18.
Bc4 Kh8 19. Kh1 Qe5 20. Bf4 Qh5 21. Bd6 Ng4 22. Nxe4 Nce5 23. h3 Rxf1+ 24. Bxf1
Re8 25. Bb5 Nc6 26. Bxc6 bxc6 27. Rf1 Nh6 28. Ng5 e5 29. Bc5 a5 30. Qd2 Rb8 31.
Kg1 Qh4 32. Ne6 Nf5 33. Qxa5 Rg8 34. Nxg7 Nxg7 35. Qc3 Re8 36. Qxe5 Qd8 37. Qc3
Kg8 38. Ra1 h6 39. Ra7 Nf5 40. Qc4+ Kh8 41. Qf7 Re1+ 42. Kh2 Qb8+ 43. Rc7 Qxc7+
44. Qxc7 Kg8 1-0

[Event "11. Online Aktivschach WM"]
[Site "Schachcomputer.info"]
[Date "2015.02.01"]
[Round "5.9"]
[White "CM 32 MHz Gideon 3.1, Tasc"]
[Black "London 68000, Mephisto"]
[Result "1-0"]
[WhiteElo "2377"]
[BlackElo "2166"]
[PlyCount "121"]

1. Nf3 d5 2. d4 Nf6 3. c4 c6 4. Nc3 dxc4 5. a4 Bg4 6. Ne5 Bh5 7. f3 Nfd7 8.
Nxc4 e5 9. e4 exd4 10. Qxd4 Qh4+ 11. g3 Qf6 12. Qxf6 Nxf6 13. Bg2 Bb4 14. Bg5
Nbd7 15. O-O-O O-O 16. Na2 a5 17. h4 h6 18. Bf4 Rfd8 19. g4 Bg6 20. g5 hxg5 21.
hxg5 Ne8 22. Be3 Bc5 23. Bxc5 Nxc5 24. Rxd8 Rxd8 25. Nxa5 Ra8 26. b4 Nd3+ 27.
Kb1 Nxb4 28. Nxb7 Rxa4 29. Nc1 Nc7 30. Bh3 Ra7 31. Nd6 Ra5 32. Rg1 Nb5 33. Nxb5
Rxb5 34. Nb3 Nd3 35. Kc2 Ne5 36. Bg2 Kf8 37. f4 Ng4 38. Re1 f6 39. Nd4 Rb6 40.
Kc3 fxg5 41. Ne6+ Ke7 42. Nxg5 Ra6 43. Rb1 Ne3 44. Rb7+ Kf6 45. Bh3 Be8 46. Kd4
Nc2+ 47. Kd3 Ra2 48. e5+ Kg6 49. Ne6 Kh6 50. Nxg7 Ne1+ 51. Ke3 Bg6 52. Bf5 Ng2+
53. Kf3 Ne1+ 54. Kg4 Rg2+ 55. Kh3 Re2 56. Bxg6 Kxg6 57. e6 Re3+ 58. Kg4 Nd3 59.
f5+ Kf6 60. Rf7+ Ke5 61. e7 1-0

[Event "11. Online Aktivschach WM"]
[Site "Schachcomputer.info"]
[Date "2015.02.09"]
[Round "5.10"]
[White "Atlanta 36 MHz, Mephisto"]
[Black "London 68030, Mephisto"]
[Result "0-1"]
[WhiteElo "2310"]
[BlackElo "2343"]
[PlyCount "90"]

1. e4 e5 2. Bc4 Nf6 3. d4 exd4 4. Nf3 Nxe4 5. Qxd4 Nf6 6. Bg5 Be7 7. Nc3 c6 8.
O-O-O d5 9. Rhe1 Be6 10. Qh4 Nbd7 11. Bd3 Nc5 12. Bc4 O-O 13. Nd4 h6 14. Bxf6
Bxf6 15. Qh5 Bxd4 16. Rxd4 Qb6 17. Bxd5 cxd5 18. Red1 Rac8 19. f4 Ne4 20. Nxd5
Bxd5 21. Qxd5 Nf2 22. R1d2 Ng4 (22... Rfe8 23. Rxf2 Red8 $1 24. Qxd8+ (24. Rfd2
Rxd5) 24... Rxd8 25. Rxd8+ Qxd8) 23. Qd7 Nxh2 24. Qd6 Qxd6 25. Rxd6 Rc7 26. Re2
Rfc8 27. g3 Ng4 28. c3 Kf8 29. Kd2 Nf6 30. a3 Re7 31. Rxe7 Kxe7 32. Rd4 Ke6 33.
Ke3 Rc5 34. c4 Rh5 35. b3 Rh2 36. Rd3 h5 37. Kd4 h4 38. Re3+ Kd6 39. Rd3 h3 40.
Rd1 Rg2 41. c5+ Kc7 42. Rh1 h2 43. b4 Ng4 44. b5 Rg1 45. Rxh2 Nxh2 0-1

[Event "11. Online Aktivschach WM"]
[Site "Schachcomputer.info"]
[Date "2015.02.07"]
[Round "5.11"]
[White "Milano Pro, Mephisto"]
[Black "Centurion 40 MHz, Saitek"]
[Result "1-0"]
[WhiteElo "2160"]
[BlackElo "2200"]
[PlyCount "115"]

1. e4 e5 2. Nf3 Nc6 3. Bc4 Bc5 4. d3 d6 5. Nc3 Na5 6. Na4 Nxc4 7. dxc4 Bb6 8.
c5 Ba5+ 9. c3 Bg4 10. b4 b5 11. Nb2 f5 12. h3 Bh5 13. Qd3 fxe4 14. Qxb5+ Qd7
15. Qxd7+ Kxd7 16. Nh4 Bxb4 17. cxb4 Ne7 18. Bg5 Nd5 19. Nf5 Nxb4 20. Nxg7 Nc2+
21. Kd2 Nxa1 22. Nxh5 Rab8 23. Nc4 e3+ 24. Bxe3 Rb4 25. Rc1 Rf8 26. Kc3 Ra4 27.
Rxa1 Ke6 28. f4 exf4 29. Nxf4+ Rxf4 30. Bxf4 d5 31. Re1+ Kf5 32. Ne3+ Kxf4 33.
Nxd5+ Kg3 34. Re2 c6 35. Nb4 Ra3+ 36. Kc4 Ra4 37. Kb3 Ra5 38. Rc2 Rb5 39. Kc4
Kh4 40. Re2 Rb7 41. Nxc6 Rc7 42. Nd4 a6 43. Re3 h5 44. Ra3 Ra7 45. c6 Rc7 46.
Kd5 Rc8 47. Nf5+ Kg5 48. Ne7 Rc7 49. Kd6 Ra7 50. c7 Rxc7 51. Kxc7 Kf6 52. Kd6
Kg5 53. Ke5 a5 54. Rg3+ Kh6 55. Ng8+ Kh7 56. Nf6+ Kh6 57. Kf5 a4 58. Rg6# 1-0

[Event "11. Online Aktivschach WM"]
[Site "Schachcomputer.info"]
[Date "2015.02.01"]
[Round "5.12"]
[White "Revelation Diablo"]
[Black "Citrine 30 MHz, Novag"]
[Result "1-0"]
[WhiteElo "2059"]
[BlackElo "2100"]
[PlyCount "133"]

1. e4 d5 2. exd5 Nf6 3. d4 Nxd5 4. c4 Nb6 5. Nf3 Bg4 6. Be2 e6 7. O-O Nc6 8. b3
Bxf3 9. Bxf3 Nxd4 10. Bxb7 Rb8 11. Be3 Rxb7 12. Qxd4 Be7 {Out of Book} 13. Qe4
{Out of Book} Qc8 14. Nc3 O-O 15. Rad1 c5 16. f3 Rd8 17. Rxd8+ Bxd8 18. Qc2 Be7
19. Ne4 f5 20. Ng5 e5 21. Nh3 Qf8 22. Nf2 Rd7 23. Nd3 Bd6 24. Qf2 Rc7 25. Rd1
Rd7 26. Re1 Rc7 27. Bc1 Nd7 28. Bb2 Qe7 29. Qe3 Qf8 30. Kh1 Rc8 31. Nxe5 Nxe5
32. Bxe5 Bxe5 33. Qxe5 Rd8 34. h3 g6 35. Qc7 a6 36. Re7 h5 37. Re6 Rd1+ 38. Kh2
Qf7 39. Qe5 Rd8 40. Rf6 Re8 41. Qd6 Qe7 42. Rxg6+ Kf7 43. Qg3 Qe5 44. f4 Qe4
45. Qg5 Re7 46. Rg8 Ke6 47. Rd8 Qd4 48. Qh6+ Qf6 49. Rd6+ Kxd6 50. Qxf6+ Kd7
51. Qxf5+ Kc6 52. Qd5+ Kc7 53. Qxc5+ Kd7 54. Qxh5 Re6 55. Qf7+ Re7 56. Qd5+ Kc7
57. b4 Re2 58. f5 Re8 59. f6 Rc8 60. f7 Kb8 61. c5 a5 62. Qd6+ {[%emt 0:00:05]
#in} Ka8 63. Qa6+ {[%emt 0:00:04] #in} Kb8 64. Qb6+ {[%emt 0:00:03] #in} Ka8
65. c6 {[%emt 0:00:02] #in} Rxc6 66. f8=Q+ {[%emt 0:00:01] #in} Rc8 67. Qxc8#
1-0

[Event "11. Online Aktivschach WM"]
[Site "Schachcomputer.info"]
[Date "2015.02.23"]
[Round "6.1"]
[White "Resurrection Ruffian"]
[Black "CM 32 MHz Rebell 1.7, Tasc"]
[Result "1-0"]
[WhiteElo "2377"]
[BlackElo "2200"]
[PlyCount "61"]

1. e4 e5 2. Nf3 Nc6 3. Nc3 Bb4 4. Nd5 Nf6 5. Nxb4 Nxb4 6. c3 Nc6 7. Bb5 Nxe4 8.
O-O f6 9. d4 a6 10. Bxc6 dxc6 11. Re1 Bf5 12. Nh4 Qd7 13. Qf3 Nd6 14. dxe5 fxe5
15. Nxf5 Nxf5 16. Rxe5+ Kf7 17. Rxf5+ Kg8 18. Qg4 Re8 19. Bh6 b5 20. Rf8+ Rxf8
21. Qxd7 Rf7 22. Qe8+ Rf8 23. Qe6+ Rf7 24. Rd1 gxh6 25. Qe8+ Kg7 26. Qe5+ Rf6
27. Rd7+ Kg6 28. g4 Rf7 29. Qh5+ Kf6 30. Qf5+ Kg7 31. Qxf7# 1-0

[Event "11. Online Aktivschach WM"]
[Site "Schachcomputer.info"]
[Date "2015.02.18"]
[Round "6.2"]
[White "Elite V11, Fidelity"]
[Black "R30 V2.23, Tasc"]
[Result "1/2-1/2"]
[WhiteElo "2331"]
[BlackElo "2369"]
[PlyCount "106"]

1. d4 Nf6 2. Nf3 d5 3. c4 e6 4. Nc3 c6 5. e3 Nbd7 6. Bd3 dxc4 7. Bxc4 b5 8. Bd3
Bb7 9. e4 b4 10. Na4 c5 11. e5 Nd5 12. O-O cxd4 13. Re1 {*} Be7 14. Nxd4 O-O {*
} 15. Qg4 Re8 16. Bh6 Bf8 17. Bg5 Qb8 18. Bb5 Nxe5 19. Qe2 Ng6 20. Bxe8 Qxe8
21. Qd1 Qd7 22. Rc1 f6 23. Bd2 e5 24. Ne2 Qb5 25. Qb3 Bc6 26. Qc2 Rc8 27. b3
Bd7 28. Qb1 Rxc1 29. Qxc1 f5 30. Qc2 Bd6 31. Nb2 e4 32. Nc4 Bb8 33. Rd1 h6 34.
Bc1 Bc7 35. Bb2 Ngf4 36. Nxf4 Nxf4 37. Bd4 Be6 38. Bxa7 Nd3 39. f3 Qc6 40. Bd4
Qd5 41. Be3 Qc6 42. Kh1 Bd5 43. fxe4 fxe4 44. Rf1 Be6 45. h3 Bg3 46. Bd4 Bb8
47. Bb6 Bxh3 48. gxh3 e3+ 49. Kg1 Qg6+ 50. Qg2 Qxg2+ 51. Kxg2 e2 52. Ra1 e1=Q
53. Rxe1 Nxe1+ 1/2-1/2